000 00647nam a22001937a 4500
999 _c184116
_d184116
005 20220121143338.0
010 _aENG-131093
020 _a978-93-90113-02-6
_c479.00
035 _aEN-114625
037 _bDBAD
082 _a005.133
100 _aKamthane, Ashok Namdev
245 _aProgramming and Problem Solving With Python:
_cAshok Namdev Kamthane, Amit Ashok Kamthane
250 _a2nd Edition
260 _aChennai
_bMcGraw Hill Education Private Limited
_c2022
270 _bChennai`
_aAnjana Complex No. 5/90 A, Butt Road, St Thomas Mount
_e600016
300 _a512p.
_c24cm(pbk)
942 _2ddc
_cEN
_h005.133
_mKAM